Analýza a návrh informačných systémov
Salvato in:
| Autore principale: | |
|---|---|
| Natura: | Libro |
| Lingua: | slovacco |
| Pubblicazione: |
Košice
Equilibria
2013
|
| Edizione: | 1. vyd. |
| Soggetti: | |
| Accesso online: | Visualizza in OPAC |
| Tags: |
Nessun Tag, puoi essere il primo ad aggiungerne!!
|
MARC
| LEADER | 00000nam a2200000 a 4500 | ||
|---|---|---|---|
| 005 | 20260127134222.0 | ||
| 008 | 160610s2013 xo f 000 0 slo | ||
| 015 | |a SNBA2013/07 | ||
| 020 | |a 9788081430930 (brož.) | ||
| 035 | |a vtls010527953 | ||
| 035 | |a 238472BE-685D-4DB3-BFFC-68052323AC68 | ||
| 035 | |a urn:nbn:sk:snk-aml023 | ||
| 035 | |a urn:nbn:sk:snk-am008oa7 | ||
| 039 | 9 | |a 201606101514 |b VLOAD |c 201604301115 |d VLOAD |c 201601281001 |d VLOAD |c 201404021104 |d mschk03 |y 201307161306 |z msnk12 | |
| 040 | |a SNK |b slo |c SNK |e AACR2 |d STUSCHK1 | ||
| 041 | 0 | |a slo | |
| 044 | |a xo |c SK | ||
| 072 | 7 | |a 007 |x Teória systémov. Automatické systémy. Kybernetika. Informačné systémy |2 konspekt | |
| 072 | 7 | |a 004.4/.6 |x Programovanie. Softvér |2 konspekt | |
| 080 | |a 007+004 |2 2001 | ||
| 080 | |a 004.41 |2 2001 | ||
| 080 | |a 004.42UML |2 2001 | ||
| 080 | |a (07) |2 2001 | ||
| 100 | 1 | |a Nehéz, Martin | |
| 245 | 1 | 0 | |a Analýza a návrh informačných systémov |c Martin Nehéz |
| 250 | |a 1. vyd. | ||
| 260 | |a Košice |b Equilibria |c 2013 | ||
| 300 | |a 39 s. |b diagramy, tab. |c 24 cm | ||
| 504 | |a Bibliogr.: s. 39 | ||
| 650 | 0 | 7 | |a softvérové inžinierstvo |2 SNKPH |
| 650 | 0 | 7 | |a informačné systémy |2 SNKPH |
| 650 | 0 | 7 | |a UML |2 SNKPH |
| 650 | 0 | 7 | |a Software engineering |2 SNKPHeng |
| 650 | 0 | 7 | |a analýza a návrh |2 SNKPH |
| 650 | 0 | 7 | |a Information systems |2 SNKPHeng |
| 650 | 0 | 7 | |a process modeling |2 SNKPHeng |
| 650 | 0 | 7 | |a UML |2 SNKPHeng |
| 650 | 0 | 7 | |a modelovanie procesov |2 SNKPH |
| 655 | 7 | |a učebné texty |2 SNKPH | |
| 655 | 7 | |a Educational texts |2 SNKPHeng | |
| 910 | |a snk | ||
| 910 | |a SCHK95 | ||
| 919 | |a 978-80-8143-093-0 | ||
| 958 | |a NB | ||
| 999 | |c 6980 |d 6980 | ||